Score 0/15 Timer 02:00
0 Plays Today
HINT WORD % Correct
Floorboard soundCREAK
86%
✤ GUZZLE, QUAFF, OR CHUG ✤✤ DRINK ✤
85.3%
✤ GUINNESS, HARP, & SMITHWICK'S ✤✤ BEERS ✤
82.6%
'Ribbet!'CROAK
82.3%
Very close to the edgeBRINK
82%
✤ EMERALD OR KELLY, E. G. ✤✤ GREEN ✤
80.1%
Jethro Tull hit; Thick As A _____BRICK
75.5%
RivuletCREEK
74.6%
HINT WORD % Correct
Like ZorbaGREEK
74%
New Orleans' QB, Drew _____BREES
68.8%
Earthenware jugCROCK
66.9%
Borscht basisBEETS
64.4%
UK badger or Pokémon guyBROCK
64.3%
Star Trek alien raceBREEN
58.1%
Mr. Micheals, McKenzie, and MaverickBRETS
54.3%

Today's Daily Dose

You're not logged in!

Compare scores with friends on all Sporcle quizzes.
OR
Log In

Sporcle TV

Today on Sporcle TV


Watch our educational content, quiz creation guides, and fun videos on Sporcle TV.

Show Comments

Extras

Top Quizzes Today


Score Distribution

Paid Content

Your Account Isn't Verified!

In order to create a playlist on Sporcle, you need to verify the email address you used during registration. Go to your Sporcle Settings to finish the process.

Report this User

Report this user for behavior that violates our Community Guidelines.

Details: